Central Library OPAC University of Rajshahi

ইসলামী দাওয়াহ ও তাবলীগ জামায়াত : (Record no. 56725)

MARC details
000 -LEADER
fixed length control field 01025nam a2200229 a 4500
001 - CONTROL NUMBER
control field 56725
003 - CONTROL NUMBER IDENTIFIER
rucl marc code BD-RjUL
005 - DATE AND TIME OF LATEST TRANSACTION
control field 20230418123609.0
008 - FIXED-LENGTH DATA ELEMENTS--GENERAL INFORMATION
fixed length control field 161203s2006 bg ||||| |||| 00| 0 ben d
020 ## - INTERNATIONAL STANDARD BOOK NUMBER
Terms of availability TK 77.00
035 ## - SYSTEM CONTROL NUMBER
System control number (BD-RjUL) 56849
040 ## - CATALOGING SOURCE
Original cataloging agency BD-RjUL
Language of cataloging ben
Transcribing agency BD-RjUL
041 ## - LANGUAGE CODE
Language code of text/sound track or separate title ben
082 ## - DEWEY DECIMAL CLASSIFICATION NUMBER
Edition number 23
Classification number 297.7095492
Author mark and year UDI 2006
100 ## - MAIN ENTRY--PERSONAL NAME
Personal name উদ্দিন, মুহাম্মদ জামাল
9 (RLIN) 168693
245 10 - TITLE STATEMENT
Title ইসলামী দাওয়াহ ও তাবলীগ জামায়াত :
Remainder of title প্রেক্ষিত বাংলাদেশ /
Statement of responsibility, etc. মুহাম্মদ জামাল উদ্দিন
260 ## - PUBLICATION, DISTRIBUTION, ETC. (IMPRINT)
Place of publication, distribution, etc. ঢাকা:
Name of publisher, distributor, etc. ইসলামী ফাউন্ডেশন,
Date of publication, distribution, etc. ২০০৬
300 ## - PHYSICAL DESCRIPTION
Pagination ৩২০ পৃ. ;
Size ২১ সেমি .
650 ## - SUBJECT ADDED ENTRY--TOPICAL TERM
Topical term or geographic name as entry element সুরক্ষা এবং ইসলাম প্রচার
Geographic subdivision বাংলাদেশ
9 (RLIN) 168694
Topical term or geographic name as entry element protection and propagation of islam
Geographic subdivision Bangladesh
9 (RLIN) 168695
942 ## - ADDED ENTRY ELEMENTS (KOHA)
Source of classification or shelving scheme Dewey Decimal Classification
Koha item type Books
Holdings
Lost status Source of classification or shelving scheme Damaged status Not for loan Collection code Permanent Location Current Location Shelving location Date acquired Total Checkouts Full call number Date last seen Copy number Koha item type
  Dewey Decimal Classification   Not For Loan Non-fiction Central Library, University of Rajshahi Central Library, University of Rajshahi Reading Room 16/04/2008   B 297.7095492 UDI 2006 03/12/2016 C-1 Books